MDQL
is popping MORE tags! Check the
thread
!
Quizzes
Events
Quiz Creation
Community
Videos
Private Events
Remove Ads
Sign In
Join for FREE
Feedback
Dark Mode
Quiz Categories
Sports
Geography
Music
Movies
Television
Just For Fun
Miscellaneous
History
Literature
Language
Science
Gaming
Entertainment
Religion
Holiday
For Kids
Quiz Lab
Recent
Popular Today
Quiz Kudos Today
Editor Picks
Curator Picks
Quizzes by...
Day
Popularity
Type
Ratings
Length
Year
Community
Subscriptions
Recent Discussions
Orange Saloon
Badges
Playlists
Quests
Create
Leaderboards
Showdown
Live 5
Trivia Bingo
Activity
Puzzle Library
Sporcle Events
Private Events
Virtual Trivia
Globe League
Become a Host
Pub Owners
SporcleCon
Opinionation
Our Games
Videos
Blog
Mobile Apps
Partnerships
Remove Ads and Go Orange
Feedback
Music
Pop Music
The Beatles
Song
Album
Lyrics
Bands
Singers
Artist
Clip
Rock
Rap
Classical
Billboard
Country Music
Kpop
Taylor Swift
Music
Pop Music
The Beatles
Song
Album
Lyrics
Bands
Singers
Artist
Clip
Rock
Rap
Classical
Billboard
Country Music
Kpop
Taylor Swift
Random Quiz
Search Sporcle
×
Quiz Lab
Quiz Lab
Music
Song
Type in answers that appear in a list
Type in answers that appear in a list
Classic
Best Score? Go Orange.
Metal Bands Stats
Can you name the Metal Bands?
By
WaveofMutilation
8m
40 Questions
1,235 Plays
1,235 Plays
1,235 Plays
Comments
Comments
Give Quiz Kudos
Give Quiz Kudos
-
- Ratings
hide this ad
Replay
Link that replays current quiz
Next Quiz
Link to next quiz in quiz playlist
You Got
0%
They Got
Avg Score
54%
Avg Friend Score
Upgrade to see
Score Distribution
Jump to the score distribution portion of the page
Score
0/40
Timer
08:00
0
Plays Today
Song
Band
% Correct
Master of Puppets
Metallica
97.6%
Welcome to the Jungle
Guns N' Roses
92.7%
Raining Blood
Slayer
91.6%
Back in Black
ACDC
91.5%
The Number of the Beast
Iron Maiden
89.8%
War Pigs
Black Sabbath
89.8%
Chop Suey
System of a Down
88.7%
Ace of Spades
Motorhead
87.4%
Cowboys From Hell
Pantera
85.8%
Peace Sells
Megadeth
83.1%
Du Hast
Rammstein
82.9%
Killing in the Name
Rage Against the Machine
82.5%
Down With the Sickness
Disturbed
82%
Painkiller
Judas Priest
73.8%
Through the Fire and the Flames
Dragonforce
70.3%
Bat Country
Avenged Sevenfold
67.2%
Shout At the Devil
Motley Crue
63.7%
Dragula
Rob Zombie
61.6%
The Heretic Anthem
Slipknot
56.9%
Laid to Rest
Lamb of God
54.1%
Song
Band
% Correct
Scream Aim Fire
Bullet For My Valentine
52.9%
Them Bones
Alice in Chains
52.2%
Falling Away From Me
Korn
50.3%
My Curse
Killswitch Engage
48.8%
Are You Dead Yet?
Children of Bodom
46.1%
This is the New S**t
Marilyn Manson
38.1%
Slither
Velvet Revolver
34.1%
Welcome Home
Coheed and Cambria
34%
Take This Life
In Flames
32.8%
Panic Attack
Dream Theater
30%
Joker and the Thief
Wolfmother
26.8%
Becoming the Bull
Atreyu
23.5%
Our Truth
Lacuna Coil
22.7%
Diamonds Aren't Forever
Bring Me the Horizon
19.3%
White Knuckles
Five Finger Death Punch
18.6%
In the Belly of a Shark
Gallows
12.4%
Statutory Ape
Black Dahlia Murder
10.5%
Texas is South
The Devil Wears Prada
7.6%
Things That Rhyme With Orange
I Set My Friends On Fire
7.2%
It's Dangerous Business Walking Out Your Front Door
Underoath
7.2%
Quiz Playlist
Details
Report
Send in Message
Add To Playlist
Classic:
Type in answers that appear in a list
Last Updated: Feb 16, 2017
Quiz Scoreboard
CHALLENGE
Sign Up to Join the Scoreboard
Show All
Scores
Hide
Comments
May contain spoilers
Recently Published
1-10 Letter E Words III
by El_Dandy
Language
2m
Street Fighter Characters
by Artimus82
Gaming
60s
College Basketball Coaching Resumes
by pancakes188
Sports
9m
More to Explore
Quiz From the Vault
Featured Blog Post
Where Did the Easter Bunny Come From?
hide this ad
You Might Also Like...
Tags
Bands Quiz
Song Quiz
metal
Metal Bands
Today's Top Quizzes in Music
Browse Music
hide this ad
Today's Top Quizzes in Song
Browse Song
Top Contributed Quizzes in Music
1
Taylor Swift All Songs (2024)
2
Taylor Swift Logic Puzzle
3
Guess the Artist- 70s Songs
4
7-to-1: Billboard Hot 100 #1 Hits of 2010s
5
Sorting Albums and Songs
6
Billboard Blitz: Aretha Franklin
7
KPOP LOGIC QUIZ
8
Guess the Taylor Swift song (Mystery Song)
9
Guess The Taylor Swift Lyrics Song #1
10
Billboard Blitz: ABBA
Explore More
Trending Topics
Disney
Kpop
Crossword
NBA
Anime
Marvel
Harry Potter
NFL
The Office
WWE
Pokémon
Country
Soccer
Puzzle
Song
hide this ad
More By:
WaveofMutilation
Quiz
Plays
Rating
Category
Featured
Created
Indie Rock Bands
3,577
3.07
Music
Nov 7, 2009
Metal Bands
1,235
3.25
Music
Nov 7, 2009
Go to Creator's Profile
Score Distribution
Quiz Creator Spotlight
WaveofMutilation
Follow
Send a Message
Quizzes Created
-
Created Quiz Play Count
-
More By This Creator
Popular Quizzes Today
1
Find the US States - No Outlines Minefield
2
Find the Countries of Europe - No Outlines Minefield
3
The Countries of the World
4
Find the US States
5
Risky Map Clicking: Biggest States A-Z
6
US States
7
Popular People in 1961
8
Movies - When Are They Set?
More Music Quizzes
5x5 Image Crossword: Bands
Published
Trending Quizzes
Risky Map Clicking: Least Populous States A-Z
Billboard Blitz: Aretha Franklin
Famous Russians: Author or Composer?
Countries of the World: 200 Million BC
1-10 Letter G Words
Recently Updated
Leaping Animals
pecheneg
Reality TV Shows (A-Z)
bhenderson79
Rickey Henderson's Hall of Fame Teammates
pecheneg
Champions League XIs: Arsenal
pecheneg
Quick Pick: Celebrities in WWE's Hall of Fame
aduchscher
A-Z Keypad Blitz II
pecheneg
Multiple Oscar Actors
pecheneg
Mystery Phrase Blitz: Oscar 'Best Actors'
pecheneg
F. Scott Fitzgerald Novels
LTH
Pick 3 Villains
ddd62291
Trending Topics
Kpop
Disney
Harry Potter
NBA
Anime
Crossword
Marvel
Soccer
Puzzle
Country
The Office
NFL
Song
WWE
Pokémon
Your Account Isn't Verified!
In order to create a playlist on Sporcle, you need to verify the email address you used during registration. Go to your
Sporcle Settings
to finish the process.
Report this User
Report this user for behavior that violates our
Community Guidelines
.
Details:
Send Report
Go to the Sporcle.com Mobile Site →
Comments